000 00439nam a2200181Ia 4500
001 14367
005 20260306164909.0
008 260306t2015||||xx |||||||||||||| ||spa||
041 _aESP
082 _a512.5
_bG82 2015
100 _aGrossman, Stanley
_eAUT
245 0 _aMatemáticas 4:
_bálgebra lineal
260 _c2015
300 _avarias paginaciones :
_c27 cm.
650 _aGEN
654 _aCMA
942 _cLIB
_dJUS
_fJUS
_2ddc
_n
999 _c14367
_d14367